Music Quiz

Random Music or Lyrics Quiz
Score 0/243 Timer 08:00
0 Plays Today
Lyrics % Correct
a
99.6%
a
99.6%
a
99.6%
I
98.8%
I
98.8%
I
98.8%
I
98.8%
I
98.8%
I
98.8%
I
98.8%
I
98.8%
I
98.8%
I
98.8%
I
98.8%
I
98.8%
I
98.8%
I
98.8%
the
96.4%
the
96.4%
the
96.4%
the
96.4%
the
96.4%
the
96.4%
the
96.4%
the
96.4%
be
94%
an
94%
be
94%
be
94%
of
93.2%
of
93.2%
and
92.4%
and
92.4%
and
92.4%
and
92.4%
so
92.4%
so
92.4%
so
92.4%
so
92.4%
And
92.4%
and
92.4%
And
92.4%
and
92.4%
And
92.4%
and
92.4%
and
92.4%
and
92.4%
we
91.6%
We
91.6%
We
91.6%
to
91.2%
to
91.2%
to
91.2%
to
91.2%
to
91.2%
to
91.2%
all
90.8%
all
90.8%
all
90.8%
all
90.8%
all
90.8%
all
90.8%
all
90.8%
all,
90.8%
been
90.4%
been
90.4%
been
90.4%
it,
90.4%
that
90%
that
90%
right.
89.6%
right,
89.6%
right,
89.6%
right,
89.6%
American
89.6%
tune.
89.6%
right,
89.6%
right,
89.6%
right.
89.6%
but
89.2%
but
89.2%
Lyrics % Correct
my
88.4%
for
88.4%
my
88.4%
my
88.4%
was
88%
was
88%
was
88%
its
87.6%
it's
87.6%
it's
87.6%
it's
87.6%
it's
87.6%
it's
87.6%
I've
87.1%
I've
87.1%
on,
87.1%
on
87.1%
on
87.1%
me,
86.7%
I'm
86.3%
I'm
86.3%
dream
86.3%
I'm
86.3%
I'm
86.3%
time
85.5%
many
83.9%
dreamed
83.9%
dreamed
83.9%
dreamed
83.9%
dreamed
83.9%
ship
83.9%
they
83.9%
Mayflower.
83.9%
ship
83.9%
from
83.5%
from
83.5%
soul
83.5%
soul
83.5%
times
83.1%
at
82.7%
at
82.7%
away
82.3%
away
82.3%
flying,
82.3%
Statue
82.3%
Liberty
82.3%
away
82.3%
flying.
82.3%
sing
82.3%
dying.
81.9%
sailed
81.9%
just
81.5%
confused.
80.7%
call
80.3%
don't
79.9%
don't
79.9%
know
79.9%
don't
79.9%
don't
79.9%
know
79.9%
who
79.5%
come
79.5%
come
79.5%
come
79.5%
far
79.1%
home...
79.1%
far
79.1%
home.
79.1%
that's
79.1%
That's
79.1%
Oh,
78.7%
bon
78.7%
Oh,
78.7%
Oh,
78.7%
Oh,
78.7%
not
78.3%
not
78.3%
rose
78.3%
see
78.3%
mistaken,
77.9%
moon.
77.5%
Lyrics % Correct
in
77.5%
have
77.1%
weary
76.7%
down
76.7%
sea.
76.7%
bones.
76.3%
Still,
75.9%
Still,
75.9%
back
75.9%
could
75.9%
Still,
75.9%
day,
75.9%
you
75.5%
You
75.5%
when
75.1%
unexpectedly,
75.1%
eyes
75.1%
rest.
75.1%
rest.
75.1%
misused.
74.7%
get
74.7%
get
74.7%
certainly
74.3%
some
74.3%
some
74.3%
clearly
73.5%
we're
73.1%
above,
73.1%
knees.
72.7%
long.
72.7%
looking
72.7%
can't
72.3%
can't
72.3%
friend
71.9%
think
71.9%
road
71.9%
shattered,
71.5%
well
71.5%
up
71.5%
sailing
71.5%
most
71.5%
Many's
71.1%
often
71.1%
feels
71.1%
ease.
71.1%
trying
71.1%
trying
71.1%
driven
70.7%
battered.
70.3%
or
70.3%
another
70.3%
forsaken
69.9%
high
69.9%
hours
69.9%
working
69.5%
who's
69.1%
felt
68.7%
uncertain
68.3%
forever
67.9%
wonder
67.1%
gone
67.1%
wonder
67.1%
gone
67.1%
what's
65.9%
wrong.
65.9%
help
65.9%
what's
65.9%
wrong.
65.9%
gonna
65.9%
blessed.
65.1%
tomorrow's
65.1%
traveling
64.7%
Yes,
63.9%
vivant
63.9%
smiled
63.9%
age's
62.7%
expect
62.2%
we've
61.4%
reassuringly.
59.4%
bright
58.6%
lived
57%
Remove Ads.
Support Sporcle.
Get the best of Sporcle when you Go Orange. This ad-free experience offers more features, more stats, and more fun while also helping to support Sporcle. Thank you for becoming a member.

You're not logged in!

Compare scores with friends on all Sporcle quizzes.
OR
Log In

Show Comments

Extras

Top Quizzes Today


Score Distribution

Your Account Isn't Verified!

In order to create a playlist on Sporcle, you need to verify the email address you used during registration. Go to your Sporcle Settings to finish the process.

Report this User

Report this user for behavior that violates our Community Guidelines.

Details: